000 00818nam a2200253 a 4500
001 73789
003 BD-RjUL
005 20211209082439.0
008 170611s1950 iaua 000 0 eng d
035 _a(BD-RjUL)74007
040 _aDLC
_cDLC
_dDLC
_dBD-RjUL
_beng
041 _aeng
082 0 0 _223
_a597.3
_bASL 1950
100 1 _aAshley, Laurence M.
_q(Laurence Marvin)
_9218486
245 1 0 _aLaboratory anatomy of the shark /
_cLaurence M. Ashley.
260 _aDubuque, Iowa :
_bW.C. Brown Co. Publishers,
_cc1950.
300 _avii, 40 p. :
_bill. (some col.) ;
_c28 cm.
650 0 _aSharks
_9218488
650 0 _aSharks
_xLaboratory manual
_9218489
830 _aBooth laboratory anatomy series
_9218487
942 _2ddc
_cBK
999 _c73789
_d73789